| 000 | 01048nam0a22002651 4500 | ||
|---|---|---|---|
| 001 | rc\910666 | ||
| 005 | 20260407043205.0 | ||
| 035 | _a(NLR Aleph) 006085439 | ||
| 090 |
_a5120291 _c5120291 |
||
| 100 | _a20041129d1984 |||y0rusy50 ca | ||
| 101 | 0 | _arus | |
| 102 | _aRU | ||
| 105 | _ay ||||||||| | ||
| 200 | 1 |
_aОбучение родному и русскому языкам в абхазской школе _eВопр. лингвометодики _e(Сб. тр.) _fНИИ пед. наук им. Я.С. Гогебашвили. Абхаз. отд-ние |
|
| 210 |
_aТбилиси _cБ. и. _d1984 |
||
| 215 |
_a115 с. _d20 |
||
| 300 | _aЧасть текста: абхаз. | ||
| 320 | _aБиблиогр. в конце ст. | ||
| 712 | 0 | 2 |
_aНИИ педагогических наук им. Я. С. Гогебашвили _cТбилиси _bАбхазское отделение _3RU\NLR\AUTH\8810015584 _9529031 |
| 801 | 0 |
_aRU _bNLR _gpsbo |
|
| 801 | 1 |
_aRU _bELAR _2rusmarc |
|
| 852 |
_aNLR _bОНЛ |
||
| 942 | _cBOOK | ||
| 980 | _aNB | ||